• 首页
  • 本馆介绍
  • 公告通知
  • 最新文献
  • 馆藏检索
  • 电子资源
  • 读者导购
  • 参考咨询
  • 我的图书馆
  • 登录
  • 详细信息显示
  • 放入我的书架
  • 预约/预借图书
  • 作者相关作品
  • 分类相关作品
  • 丛书相关作品
  • 出版社相关作品

书目信息

  • 表格格式
  • 工作单格式
  • 卡片格式
题名:
当代中国马克思主义科学理论体系研究
    
 
作者: 娄玉 著
分册:  
出版信息: 天津   天津人民出版社  2022.02
页数: 280页
开本: 24cm
丛书名:
单 册:
中图分类: A811.693
科图分类:
主题词: 马克思主义--ma ke si zhu yi--科学技术--理论研究--中国
电子资源:
ISBN: 978-7-201-17810-3
000 01430nam0 2200277 450
001 CAL 0120227382570
005 20230217093111.0
010    @a978-7-201-17810-3@dCNY92.00
100    @a20220420d2022 em y0chiy0120 ea
101 0  @achi
102    @aCN@b120000
105    @ay a 000yy
106    @ar
200 1  @a当代中国马克思主义科学理论体系研究@Adang dai zhong guo ma ke si zhu yi ke xue li lun ti xi yan jiu@e基于历史逻辑、理论逻辑和现实逻辑三个维度@f娄玉著
210    @a天津@c天津人民出版社@d2022.02
215    @a280页@d24cm
300    @a本书是天津市哲学社会科学规划研究项目成果
314    @a娄玉, 毕业于南开大学哲学系, 现任中共天津市滨海新区委员会党校正高级讲师、校学术委员会委员, 天津市滨海新区第四届政协委员。
320    @a有书目 (第277-278页)
330    @a本书为学术研究著作, 以当代中国马克思主义为研究对象, 从历史逻辑、理论逻辑、实践逻辑三个维度提炼出对新思想的科学理论研究架构。通过建构不同逻辑维度下关于新思想的科学体系框架, 有效避免了以往理论体系研究的逻辑错乱、外延交叉、内容缺失等问题, 从而使得新思想的理论体系概括更加科学、严谨、严密, 并力争实现马克思主义理论大众化和通俗化。
517 1  @a基于历史逻辑、理论逻辑和现实逻辑三个维度@Aji yu li shi luo ji 、 li lun luo ji he xian shi luo ji san ge wei du
606 0  @a马克思主义@Ama ke si zhu yi@x科学技术@x理论研究@y中国
690    @aA811.693@v5
701  0 @a娄玉@Alou yu@4著
801  0 @aCN@bBJXHZP@c20230228
905    @b1381265-9@dA811.693@e428@f5
    
    当代中国马克思主义科学理论体系研究:基于历史逻辑、理论逻辑和现实逻辑三个维度/娄玉著.-天津:天津人民出版社,2022.02
    280页;24cm
    本书是天津市哲学社会科学规划研究项目成果
    
    ISBN 978-7-201-17810-3:CNY92.00
    本书为学术研究著作, 以当代中国马克思主义为研究对象, 从历史逻辑、理论逻辑、实践逻辑三个维度提炼出对新思想的科学理论研究架构。通过建构不同逻辑维度下关于新思想的科学体系框架, 有效避免了以往理论体系研究的逻辑错乱、外延交叉、内容缺失等问题, 从而使得新思想的理论体系概括更加科学、严谨、严密, 并力争实现马克思主义理论大众化和通俗化。
●
相关链接 在E读中查询图书 在五车中查询图书 在当当中查询图书 在豆瓣中查询图书


正题名:当代中国马克思主义科学理论体系研究     索取号:A811.693/428         预约/预借

序号 登录号 条形码 馆藏地/架位号 状态 备注
1 1381265   213812659   第一样本阅览室/ [索取号:A811.693/428] 在馆    
2 1381266   213812668   第一借阅区/ [索取号:A811.693/428] 在馆    
3 1381267   213812677   第一借阅区/ [索取号:A811.693/428] 在馆    
4 1381268   213812686   第一借阅区/ [索取号:A811.693/428] 在馆    
5 1381269   213812695   第一借阅区/ [索取号:A811.693/428] 在馆    
唐山师范学院图书馆 欢迎您!
大连网信软件有限公司© 版权所有